[Event "Catalunya-chT Gp1"]
[Site "Barcelona"]
[Date "2024.02.03"]
[Round "3.9"]
[White "Hapala, Elisabeth"]
[Black "Romeu Viladot, Emili"]
[Result "1-0"]
[WhiteElo "2001"]
[BlackElo "1941"]
[PlyCount "94"]
[EventDate "2024.01.20"]
[EventType "team-tourn"]
[EventRounds "7"]
[EventCountry "ESP"]
[SourceTitle "CB11_2024"]
[SourceDate "2024.03.13"]
[SourceVersion "1"]
[SourceVersionDate "2024.03.13"]
[SourceQuality "1"]
[WhiteTeam "Cerdanyola Valles"]
[BlackTeam "Tres Peons"]
[WhiteTeamCountry "ESP"]
[BlackTeamCountry "ESP"]

1. e4 c5 2. Nf3 e6 3. d4 cxd4 4. Nxd4 a6 5. c4 Nf6 6. Nc3 Bb4 7. Qd3 d6 8. Nc2 Bxc3+ 9. Qxc3 0-0 10. Bg5 Nxe4 11. Bxd8 Nxc3 12. Bc7 Ne4 13. f3 Nf6 14. Bxd6 Re8 15. 0-0-0 b6 16. Bc7 Nbd7 17. Rd6 b5 18. cxb5 axb5 19. Bxb5 Ra7 20. Bb6 Rb7 21. Bxd7 Bxd7 22. Bd4 Nd5 23. Ne3 Rc8+ 24. Kb1 Nf4 25. Rd1 Ne2 26. Be5 f6 27. Bd4 e5 28. Bb6 Rc6 29. Rxc6 Bxc6 30. Rd8+ Kf7 31. Bc5 Rb5 32. Ba3 e4 33. fxe4 Bxe4+ 34. Ka1 f5 35. b3 Kg6 36. Rd6+ Kg5 37. Rd7 Kf4 38. Nc4 Bxg2 39. Rxg7 Bd5 40. Bd6+ Kf3 41. Rxh7 Nd4 42. Rh3+ Ke2 43. Re3+ Kf1 44. Rd3 Nc2+ 45. Kb2 Bxc4 46. Rc3 Ne1 47. Rxc4 Ke2 1-0

[Event "Sitges Sunway op 10th"]
[Site "Sitges"]
[Date "2023.12.19"]
[Round "7"]
[White "Samaganova, Alexandra"]
[Black "Hapala, Elisabeth"]
[Result "1-0"]
[WhiteElo "1827"]
[BlackElo "2047"]
[PlyCount "75"]
[EventDate "2023.12.12"]
[EventType "swiss"]
[EventRounds "10"]
[EventCountry "ESP"]
[SourceTitle "CB52_2023"]
[SourceDate "2023.12.27"]
[SourceVersion "1"]
[SourceVersionDate "2023.12.27"]
[SourceQuality "1"]

1. c4 Nf6 2. Nc3 e6 3. e4 d5 4. e5 d4 5. exf6 dxc3 6. bxc3 Qxf6 7. Nf3 b6 8. d4 Bb7 9. Be2 Bd6 10. 0-0 0-0 11. Be3 Nd7 12. Qd2 h6 13. Rab1 Be4 14. Rb2 Rad8 15. Ne1 c5 16. f3 Bg6 17. Nd3 e5 18. d5 Qe7 19. Nf2 f5 20. Qd1 Nf6 21. a4 Nh5 22. Nh3 f4 23. Bc1 Bf5 24. Nf2 Qh4 25. Bd3 Rf6 26. Bxf5 Rxf5 27. Ne4 Ng3 28. Qe1 Rh5 29. hxg3 Qh2+ 30. Kf2 Be7 31. Rg1 Bg5 32. Ke2 fxg3 33. Bxg5 hxg5 34. Kd3 Rh4 35. Rb1 g4 36. Rh1 Qxg2 37. Rxh4 Qxf3+ 38. Qe3 1-0

[Event "Barbera del Valles op 45th"]
[Site "Barbera del Valles"]
[Date "2023.07.05"]
[Round "2"]
[White "Gil Jimenez, David"]
[Black "Hapala, Elisabeth"]
[Result "0-1"]
[WhiteElo "1812"]
[BlackElo "2033"]
[PlyCount "146"]
[EventDate "2023.07.04"]
[EventType "swiss"]
[EventRounds "9"]
[EventCountry "ESP"]
[SourceTitle "CBM 215 Extra"]
[Source "ChessBase"]
[SourceDate "2023.09.30"]
[SourceVersion "1"]
[SourceVersionDate "2023.09.30"]
[SourceQuality "1"]

1. d4 Nf6 2. c4 e6 3. Nf3 b6 4. g3 Bb7 5. Bg2 Bb4+ 6. Nbd2 0-0 7. 0-0 a5 8. a3 Bxd2 9. Bxd2 a4 10. Rc1 d6 11. Re1 Nbd7 12. Bg5 h6 13. Bxf6 Nxf6 14. Nd2 Bxg2 15. Kxg2 e5 16. e3 e4 17. Nb1 Ra5 18. Nc3 Qd7 19. d5 Re8 20. h3 Nh7 21. Ne2 Ng5 22. Rh1 Nf3 23. Nd4 Nxd4 24. Qxd4 Qf5 25. Qd1 b5 26. Qd2 Qf3+ 27. Kg1 Rea8 28. cxb5 Rxb5 29. Rxc7 Rab8 30. Rc2 Rb3 31. Kh2 Rd3 32. Qa5 h5 33. Qc7 Rdb3 34. Rf1 Rxb2 35. Rxb2 Rxb2 36. Kg1 Qf6 37. Qc4 Qf5 38. Qxa4 Qxd5 39. Qd1 Qe5 40. h4 Qc5 41. Qa4 Qe5 42. Qd7 g6 43. Qd8+ Kg7 44. Qg5 Ra2 45. Qxe5+ dxe5 46. Rd1 Rxa3 47. Rd5 Kf6 48. Rd6+ Ke7 49. Rb6 Ra7 50. Rb4 f5 51. Rb5 Ke6 52. Rb6+ Kf7 53. Rb5 Re7 54. Kf1 Kf6 55. Rb6+ Re6 56. Rb5 g5 57. Rb8 gxh4 58. gxh4 Kg7 59. Rb5 Kg6 60. Rb8 f4 61. Rg8+ Kh7 62. Rg5 Kh6 63. Kg2 Rg6 64. Rxg6+ Kxg6 65. Kh2 Kf5 66. Kh3 Ke6 67. Kg2 Kd5 68. Kf1 Kc4 69. Ke2 Kc3 70. f3 fxe3 71. Kxe3 exf3 72. Kxf3 Kd3 73. Kf2 e4 0-1

[Event "Catalunya-chT Gp1"]
[Site "Barcelona"]
[Date "2023.02.18"]
[Round "5.4"]
[White "Beltran Rueda, Santiago"]
[Black "Hapala, Elisabeth"]
[Result "1-0"]
[WhiteElo "2286"]
[BlackElo "2096"]
[PlyCount "99"]
[EventDate "2023.01.21"]
[EventType "team-tourn"]
[EventRounds "7"]
[EventCountry "ESP"]
[SourceTitle "CBM 213 Extra"]
[Source "ChessBase"]
[SourceDate "2023.05.31"]
[SourceVersion "1"]
[SourceVersionDate "2023.05.31"]
[SourceQuality "1"]
[WhiteTeam "Foment Martinenc"]
[BlackTeam "Badalona Cor de Marina"]
[WhiteTeamCountry "ESP"]
[BlackTeamCountry "ESP"]

1. Nf3 Nf6 2. c4 e6 3. g3 b6 4. Bg2 Bb7 5. 0-0 c5 6. d4 cxd4 7. Qxd4 Nc6 8. Qf4 Ne7 9. Nc3 Ng6 10. Qd4 Bc5 11. Qd3 0-0 12. Bg5 Bc6 13. e4 h6 14. Be3 d6 15. Nd4 Bb7 16. Rad1 Qe7 17. b3 Rfd8 18. Bc1 a6 19. Bb2 Rac8 20. Qe2 Qc7 21. Nc2 b5 22. cxb5 d5 23. bxa6 Ba8 24. exd5 Nxd5 25. Nxd5 Bxd5 26. Bxd5 exd5 27. Bd4 Re8 28. Qb5 Nf4 29. Bxc5 Ne2+ 30. Kg2 Qxc5 31. Qxc5 Rxc5 32. Nd4 Nxd4 33. Rxd4 Ra5 34. a4 Rb8 35. Rd3 Rxa6 36. Ra1 Ra5 37. Ra3 Rb4 38. Kf3 Kf8 39. Ke3 Re4+ 40. Kd2 h5 41. f3 Rb4 42. Kc3 Rb8 43. b4 d4+ 44. Rxd4 Re5 45. b5 Re2 46. Rd2 Rc8+ 47. Kd3 Re1 48. Rb2 Rd8+ 49. Kc4 Rc1+ 50. Kb4 1-0

[Event "Vienna (Women)"]
[Site "Vienna"]
[Date "2023.02.08"]
[Round "2"]
[White "Ivekovic, Tihana"]
[Black "Hapala, Elisabeth"]
[Result "1/2-1/2"]
[WhiteElo "2145"]
[BlackElo "2086"]
[PlyCount "97"]
[EventDate "2023.02.07"]
[EventType "tourn"]
[EventRounds "9"]
[EventCountry "AUT"]
[SourceTitle "CBM 212 Extra"]
[Source "ChessBase"]
[SourceDate "2023.03.31"]
[SourceVersion "1"]
[SourceVersionDate "2023.03.31"]
[SourceQuality "1"]

1. d4 Nf6 2. c4 e6 3. g3 Bb4+ 4. Nd2 c5 5. a3 Bxd2+ 6. Qxd2 cxd4 7. Nf3 d6 8. Nxd4 a6 9. Bg2 Qc7 10. b3 0-0 11. 0-0 e5 12. Nc2 Be6 13. Ne3 Nc6 14. Bb2 Rac8 15. Rac1 Na5 16. Qd3 Nd7 17. Qd1 Qb6 18. Rc3 Nf6 19. Qc2 Rfd8 20. Rd1 Ng4 21. Nxg4 Bxg4 22. b4 Nc6 23. c5 dxc5 24. Rxc5 Rxd1+ 25. Qxd1 Rd8 26. Qc2 Nd4 27. Bxd4 Rxd4 28. h3 Be6 29. Rxe5 Qd8 30. Re3 b6 31. Rd3 h5 32. Qd2 Rxd3 33. Qxd3 Qc8 34. h4 a5 35. Kh2 axb4 36. axb4 Bc4 37. Qd4 b5 38. e4 g6 39. e5 Qe6 40. f4 Kg7 41. Bh3 Qe7 42. Qd2 Kh7 43. Bd7 Kg7 44. Bh3 Kg8 45. Bg2 Kg7 46. Be4 Kg8 47. Qd6 Qa7 48. Qd2 Qa1 49. Bg2 1/2-1/2

[Event "Catalunya-chT Gp1"]
[Site "Barcelona"]
[Date "2023.01.21"]
[Round "?"]
[White "Hapala, Elisabeth"]
[Black "Tallo Dominguez, Imar"]
[Result "0-1"]
[WhiteElo "2096"]
[BlackElo "2274"]
[PlyCount "118"]
[EventDate "2023.01.21"]
[EventType "team-tourn"]
[EventRounds "7"]
[EventCountry "ESP"]
[SourceTitle "CBM 212 Extra"]
[Source "ChessBase"]
[SourceDate "2023.03.31"]
[SourceVersion "1"]
[SourceVersionDate "2023.03.31"]
[SourceQuality "1"]
[WhiteTeam "Badalona Cor de Marina"]
[BlackTeam "Ateneu Colon"]
[WhiteTeamCountry "ESP"]
[BlackTeamCountry "ESP"]

1. e4 c5 2. Nf3 Nf6 3. e5 Nd5 4. Nc3 e6 5. Nxd5 exd5 6. d4 Nc6 7. dxc5 Bxc5 8. Bd3 d6 9. exd6 Qxd6 10. 0-0 h6 11. Re1+ Be6 12. c3 0-0-0 13. Be3 Bxe3 14. Rxe3 d4 15. cxd4 Nxd4 16. Qa4 Nxf3+ 17. Rxf3 Kb8 18. h3 Qe5 19. Qe4 Qxe4 20. Bxe4 Rd2 21. b3 Re8 22. Rd3 Rb2 23. Rd4 Rc8 24. f4 Rc5 25. b4 Rc4 26. Rxc4 Bxc4 27. a3 b5 28. Rd1 Kc7 29. Bd5 Kb6 30. Bxc4 bxc4 31. Rd5 c3 32. Rc5 Rb3 33. a4 Rxb4 34. Rxc3 Rxf4 35. Rg3 g6 36. Rb3+ Ka5 37. Rb7 a6 38. Ra7 Rf6 39. g4 Kxa4 40. Re7 a5 41. Kg2 Kb3 42. Rb7+ Ka3 43. Kg3 a4 44. h4 Ka2 45. h5 a3 46. hxg6 fxg6 47. Kh4 Rf3 48. Rb6 g5+ 49. Kh5 Rh3+ 50. Kg6 Rb3 51. Rf6 Rg3 52. Kh5 Kb3 53. Rb6+ Kc2 54. Ra6 Kb2 55. Rb6+ Rb3 56. Rf6 Rh3+ 57. Kg6 a2 58. Rf2+ Kb3 59. Rf1 Rh2 0-1

[Event "Olympiad Women-44"]
[Site "Chennai"]
[Date "2022.07.29"]
[Round "1.4"]
[White "Hapala, Elisabeth"]
[Black "Mohammed, Celine Angelina"]
[Result "1-0"]
[WhiteElo "2113"]
[BlackElo "1100"]
[PlyCount "89"]
[EventDate "2022.07.29"]
[EventType "team-swiss"]
[EventRounds "11"]
[EventCountry "IND"]
[SourceTitle "CBM 210"]
[Source "ChessBase"]
[SourceDate "2022.10.31"]
[SourceVersion "1"]
[SourceVersionDate "2022.10.31"]
[SourceQuality "1"]
[WhiteTeam "Austria (W)"]
[BlackTeam "Trinidad and Tobago (W)"]
[WhiteTeamCountry "AUT"]
[BlackTeamCountry "TRI"]

1. e4 e5 2. Nf3 Nc6 3. Bb5 a6 4. Ba4 Nf6 5. 0-0 b5 6. Bb3 Be7 7. Re1 0-0 8. c3 d5 9. exd5 Nxd5 10. Nxe5 Nxe5 11. Rxe5 Bb7 12. d4 f6 13. Re1 Kh8 14. Nd2 Bd6 15. Ne4 Re8 16. Nxd6 Rxe1+ 17. Qxe1 Qxd6 18. Bd2 Qc6 19. f3 Re8 20. Qf2 Qd6 21. Re1 Rxe1+ 22. Qxe1 Qe7 23. Qxe7 Nxe7 24. Bf4 c6 25. a4 g5 26. Bd2 Kg7 27. Kf2 Nf5 28. Bc2 Nd6 29. axb5 axb5 30. Ke2 Nc4 31. Bc1 h6 32. b3 Nd6 33. Ba3 Nc8 34. Bc5 Kf7 35. c4 bxc4 36. bxc4 Ne7 37. Kd2 Ke6 38. g4 Kf7 39. Kc3 Ng8 40. Kb4 Ne7 41. Ka5 Bc8 42. Kb6 Ke8 43. Bxe7 Kxe7 44. Kxc6 Bd7+ 45. Kc7 1-0

[Event "Mitropa Cup (Women)"]
[Site "Corte"]
[Date "2022.05.06"]
[Round "7.3"]
[White "Vidic, Teja"]
[Black "Hapala, Elisabeth"]
[Result "1-0"]
[WhiteElo "2191"]
[BlackElo "2124"]
[PlyCount "43"]
[EventDate "2022.04.30"]
[EventType "team-tourn"]
[EventRounds "9"]
[EventCountry "FRA"]
[SourceTitle "CBM 208 Extra"]
[Source "ChessBase"]
[SourceDate "2022.07.31"]
[SourceVersion "1"]
[SourceVersionDate "2022.07.31"]
[SourceQuality "1"]
[WhiteTeam "Slovenia (W)"]
[BlackTeam "Austria (W)"]
[WhiteTeamCountry "SLO"]
[BlackTeamCountry "AUT"]

1. e4 c5 2. Nf3 e6 3. d4 cxd4 4. Nxd4 Nc6 5. Nc3 Qc7 6. Be3 a6 7. Qf3 Nf6 8. 0-0-0 Ne5 9. Qg3 b5 10. a3 Bb7 11. Bxb5 Rc8 12. Ba4 Qa5 13. Nb3 Nxe4 14. Nxa5 Nxg3 15. hxg3 Bxg2 16. Rhe1 Bxa3 17. bxa3 Rxc3 18. Kb2 Rc8 19. Bf4 Nc6 20. Nc4 Ke7 21. Kc1 Kf6 22. Nb6 1-0

[Event "Vienna (Women)"]
[Site "Vienna"]
[Date "2022.02.25"]
[Round "9"]
[White "Bashylina, Luisa"]
[Black "Hapala, Elisabeth"]
[Result "1/2-1/2"]
[WhiteElo "2047"]
[BlackElo "2124"]
[PlyCount "117"]
[EventDate "2022.02.17"]
[EventType "tourn"]
[EventRounds "9"]
[EventCountry "AUT"]
[SourceTitle "CBM 207 Extra"]
[Source "ChessBase"]
[SourceDate "2022.05.31"]
[SourceVersion "1"]
[SourceVersionDate "2022.05.31"]
[SourceQuality "1"]

1. d4 Nf6 2. c4 e6 3. Nc3 Bb4 4. e3 0-0 5. Bd2 c5 6. a3 Bxc3 7. Bxc3 Ne4 8. Ne2 b6 9. d5 Bb7 10. f3 Nxc3 11. Nxc3 exd5 12. cxd5 d6 13. Qd2 a6 14. a4 Nd7 15. Be2 Qh4+ 16. g3 Qh3 17. Bf1 Qh5 18. Be2 Qh3 19. Bf1 Qh6 20. e4 Qh5 21. Bg2 f5 22. 0-0 fxe4 23. f4 Nf6 24. Nxe4 Nxe4 25. Bxe4 Rae8 26. Rfe1 Bc8 27. Ra3 Bf5 28. Rae3 Bxe4 29. Rxe4 Rxe4 30. Rxe4 Rf5 31. Re1 Rxd5 32. Qe3 Qf7 33. Qb3 h6 34. Qxb6 Rd2 35. Qc6 Qd5 36. Re8+ Kf7 37. Qxd5+ Rxd5 38. Ra8 Rd2 39. Rxa6 Rxb2 40. Rxd6 Ra2 41. Rc6 Rxa4 42. Rxc5 Ra2 43. Rc1 Kf6 44. Rf1 Kf5 45. Rf2 Ra4 46. Kg2 g5 47. fxg5+ Kxg5 48. Kh3 Rb4 49. Rf8 Rb2 50. Rg8+ Kf6 51. g4 Kf7 52. Rc8 Kg6 53. Kg3 Rb3+ 54. Kh4 Rb2 55. Rc6+ Kg7 56. Kg3 Rb3+ 57. Kf4 Rb4+ 58. Kf5 Rb5+ 59. Kf4 1/2-1/2

[Event "Vienna (Women)"]
[Site "Vienna"]
[Date "2022.02.22"]
[Round "6"]
[White "Hapala, Elisabeth"]
[Black "Terbe, Julianna"]
[Result "1/2-1/2"]
[WhiteElo "2124"]
[BlackElo "2285"]
[PlyCount "168"]
[EventDate "2022.02.17"]
[EventType "tourn"]
[EventRounds "9"]
[EventCountry "AUT"]
[SourceTitle "CBM 207 Extra"]
[Source "ChessBase"]
[SourceDate "2022.05.31"]
[SourceVersion "1"]
[SourceVersionDate "2022.05.31"]
[SourceQuality "1"]

1. e4 e5 2. Nf3 Nc6 3. Bb5 a6 4. Ba4 b5 5. Bb3 Na5 6. 0-0 d6 7. d4 exd4 8. Nxd4 Bb7 9. Bd2 Nxb3 10. Nxb3 Rb8 11. a4 bxa4 12. Rxa4 Nf6 13. Nc3 Be7 14. Nd4 0-0 15. Nf5 Re8 16. Qf3 Nd7 17. Nd5 Bxd5 18. exd5 Bf6 19. b3 Ne5 20. Qg3 Qc8 21. Nh6+ Kf8 22. f4 Ng6 23. Ng4 Bh4 24. Qf3 f5 25. Ne3 Bf6 26. Qh5 Ne7 27. Qxh7 Rb5 28. g4 fxg4 29. f5 Ng8 30. Rxg4 Qd7 31. Rg6 Qf7 32. c4 Rxb3 33. Ng4 Re2 34. Nxf6 Nxf6 35. Qh8+ Qg8 36. Qxg8+ Nxg8 37. Rf2 Rxf2 38. Kxf2 Nf6 39. Ba5 Ne8 40. Ke2 Kf7 41. Rg3 Rb2+ 42. Bd2 Nf6 43. Re3 Ng4 44. Ra3 Ne5 45. Ra4 Rc2 46. Rxa6 Nxc4 47. Kd3 Rxd2+ 48. Kxc4 Rxh2 49. Ra7 Kf6 50. Kd4 Rh4+ 51. Ke3 Rc4 52. Kd3 Rc1 53. Ke4 Re1+ 54. Kd4 Re7 55. Ra1 Kxf5 56. Rf1+ Kg6 57. Rg1+ Kf7 58. Rf1+ Ke8 59. Rg1 Rf7 60. Ke4 Kd7 61. Rg2 Re7+ 62. Kd4 c6 63. dxc6+ Kxc6 64. Rg6 Rf7 65. Kc4 Kd7 66. Kd5 Ke7 67. Re6+ Kf8 68. Rxd6 Re7 69. Re6 Rf7 70. Ke4 Kg8 71. Ra6 Kh7 72. Ra3 Kg6 73. Ra1 Rf5 74. Rg1+ Rg5 75. Ra1 Rg4+ 76. Kf3 Kh5 77. Rh1+ Kg5 78. Ra1 g6 79. Rb1 Kh5 80. Rh1+ Rh4 81. Ra1 g5 82. Kg3 Rb4 83. Rh1+ Kg6 84. Ra1 Rc4 1/2-1/2